|
|
|
|
| LEADER |
01421nam a2200397 a 4500 |
| 001 |
001324713 |
| 003 |
CZ BrMZK |
| 005 |
20131003132950.0 |
| 007 |
ta |
| 008 |
130910s1988 xr a e 000 0 cze |
| 020 |
|
|
|q (Brož.)
|
| 040 |
|
|
|a BOA001
|b cze
|
| 043 |
|
|
|a e-xr---
|
| 045 |
|
|
|a x-x-
|
| 072 |
|
7 |
|a 74
|x Kresba. Umělecká řemesla
|2 Konspekt
|9 21
|
| 080 |
|
|
|a 574
|2 MRF
|
| 080 |
|
|
|a 7.04
|2 MRF
|
| 080 |
|
|
|a 741.5
|2 MRF
|
| 080 |
|
|
|a (437.3)
|2 MRF
|
| 080 |
|
|
|a (083.824)
|2 MRF
|
| 100 |
1 |
|
|a Winter-Neprakta, Jiří,
|d 1924-2011
|7 jk01083186
|4 ill
|
| 245 |
1 |
0 |
|a Eko Neprakta :
|b obrázky ze čtvrté výstavy kreslířů časopisu Krkonoše /
|c sestavil Čestmír Klos
|
| 260 |
|
|
|a Vrchlabí :
|b Správa Krkonošského národního parku,
|c [1988]
|
| 300 |
|
|
|a [28] s. :
|b il. (některé barev.) ;
|c 15 x 21 cm
|
| 500 |
|
|
|a 15000 výt.
|
| 600 |
1 |
7 |
|a Winter-Neprakta, Jiří,
|d 1924-2011
|7 jk01083186
|2 czenas
|
| 648 |
|
7 |
|a 20. století
|7 ch460558
|2 czenas
|
| 650 |
0 |
7 |
|a ekologie
|7 ph114418
|2 czenas
|
| 650 |
0 |
7 |
|a náměty, témata a motivy
|7 ph138485
|2 czenas
|
| 650 |
0 |
7 |
|a kreslený humor
|7 ph121946
|z Česko
|y 20. stol.
|2 czenas
|
| 655 |
|
7 |
|a katalogy výstav
|7 fd132536
|2 czenas
|
| 700 |
1 |
|
|a Klos, Čestmír,
|d 1943-
|7 mzk2009539854
|4 com
|
| 910 |
|
|
|a BOA001
|b 2-1309.767
|
| 990 |
|
|
|a BK
|
| 991 |
|
|
|b 201310
|e n
|
| 996 |
6 |
|
|b 2610562245
|c 2-1309.767
|l MZK
|r Sklad / do 1 hodiny
|n 0
|p dar
|w 001360739
|u 000010
|a 1
|e BOA001
|j MZK50
|s P
|